Estudio de Opinión Pública Unimer RI - La Nación enero 2002: efectuada entre el 23 y el 28 de enero del 2002 /

Сохранить в:
Библиографические подробности
Главный автор: Paniagua, Carlos G.
Соавтор: Unimer Research International
Другие авторы: García S, Cathalina
Формат: Текст
Опубликовано: San José: Unimer
Предметы:
Метки: Добавить метку
Нет меток, Требуется 1-ая метка записи!

MARC

LEADER 00000 a a2200000 04500
001 27922
003
040
090 |a 186706  |b ENCUESTA  
100 |a Paniagua, Carlos G.  
110 |a Unimer Research International  
245 |a Estudio de Opinión Pública Unimer RI - La Nación enero 2002: efectuada entre el 23 y el 28 de enero del 2002 /  |c Carlos G. Paniagua  
260 |a San José:   |b Unimer  
300 |a s.p; 1 vol.   |b **no definido**   |b fonodiscos  
650 |a ENCUESTAS POR MUESTREO  
650 |a AFILIACION POLITICA  
700 |a García S, Cathalina  
999 |c 4627  |d 4627